[Event "LSS ST-2009-0-00064"]
[Site "LSS email"]
[Date "2009.11.29"]
[Round "?"]
[White "Godat, Terry"]
[Black "Szczepanski, Zbigniew"]
[Result "1/2-1/2"]
[WhiteElo "2337"]
[BlackElo "2449"]
[PlyCount "46"]
[EventDate "2009.10.06"]
[EventType "tourn (corr)"]
[EventRounds "6"]
[EventCountry "GER"]
[SourceTitle "Telechess CBM 137"]
[Source "ChessBase"]
[SourceDate "2010.07.15"]
[SourceVersion "1"]
[SourceVersionDate "2010.07.15"]
[SourceQuality "1"]

1. e4 c5 2. Nf3 d6 3. d4 cxd4 4. Nxd4 Nf6 5. Nc3 Nc6 6. Bg5 e6 7. Qd2 a6 8. 0-0-0 Bd7 9. f4 b5 10. Bxf6 gxf6 11. Kb1 Qb6 12. Nxc6 Bxc6 13. Qe1 Be7 14. f5 Qc5 15. Bd3 Kd7 16. Qh4 h5 17. Qh3 Rag8 18. Rhe1 Bd8 19. Bf1 Ba5 20. fxe6+ fxe6 21. Nd5 Bxe1 22. Nxf6+ Ke7 23. Nxg8+ Rxg8 1/2-1/2

[Event "LSS ST-2009-0-00063"]
[Site "LSS email"]
[Date "2009.11.22"]
[Round "?"]
[White "Godat, Terry"]
[Black "Szabo, Eleonora"]
[Result "1/2-1/2"]
[WhiteElo "2345"]
[BlackElo "2466"]
[PlyCount "43"]
[EventDate "2009.09.19"]
[EventType "tourn (corr)"]
[EventRounds "6"]
[EventCountry "GER"]
[SourceTitle "Corr 2013"]
[Source "ChessBase"]
[SourceDate "2012.11.12"]
[SourceVersion "1"]
[SourceVersionDate "2012.11.12"]
[SourceQuality "1"]
[WhiteTeam "US of America"]
[BlackTeam "US of America"]
[WhiteTeamCountry "USA"]
[BlackTeamCountry "USA"]

1. c4 Nf6 2. g3 g6 3. Bg2 Bg7 4. Nc3 0-0 5. d4 d6 6. Nf3 c5 7. 0-0 Nc6 8. dxc5 dxc5 9. Be3 Qa5 10. Qb3 Qb4 11. Qxb4 cxb4 12. Nd5 Ne4 13. Nd4 Nxd4 14. Nxe7+ Kh8 15. Bxe4 Bh3 16. Bg2 Nxe2+ 17. Kh1 Bxg2+ 18. Kxg2 Rfd8 19. Rae1 Nd4 20. Nd5 Nf5 21. b3 b5 22. Bf4 1/2-1/2

[Event "LSS ST-2009-0-00062"]
[Site "LSS email"]
[Date "2009.10.31"]
[Round "?"]
[White "Godat, Terry"]
[Black "Szczepanski, Zbigniew"]
[Result "1/2-1/2"]
[WhiteElo "2311"]
[BlackElo "2449"]
[PlyCount "56"]
[EventDate "2009.09.06"]
[EventType "tourn (corr)"]
[EventRounds "6"]
[EventCountry "GER"]
[SourceTitle "Telechess CBM 137"]
[Source "ChessBase"]
[SourceDate "2010.07.15"]
[SourceVersion "1"]
[SourceVersionDate "2010.07.15"]
[SourceQuality "1"]

1. d4 d5 2. c4 c6 3. Nf3 Nf6 4. e3 e6 5. b3 Ne4 6. Bd3 Bb4+ 7. Nbd2 f5 8. 0-0 Nd7 9. a3 Bd6 10. Bb2 0-0 11. Ne5 Nxe5 12. dxe5 Be7 13. Rc1 a5 14. Qc2 Bd7 15. Be2 b6 16. f3 Nc5 17. f4 b5 18. Bd4 dxc4 19. bxc4 b4 20. Ra1 bxa3 21. Rxa3 a4 22. Bf3 Qa5 23. Rfa1 Rfb8 24. Kf2 Ne4+ 25. Nxe4 Bxa3 26. Rxa3 fxe4 27. Bxe4 Qb4 28. Qa2 Qe7 1/2-1/2

[Event "LSS ST-2009-0-00062"]
[Site "LSS email"]
[Date "2009.10.27"]
[Round "?"]
[White "Kuhne, Detlev"]
[Black "Godat, Terry"]
[Result "1/2-1/2"]
[WhiteElo "2322"]
[BlackElo "2311"]
[PlyCount "48"]
[EventDate "2009.09.06"]
[EventType "tourn (corr)"]
[EventRounds "6"]
[EventCountry "GER"]
[SourceTitle "Telechess CBM 137"]
[Source "ChessBase"]
[SourceDate "2010.07.15"]
[SourceVersion "1"]
[SourceVersionDate "2010.07.15"]
[SourceQuality "1"]

1. c4 Nf6 2. Nc3 e6 3. e4 d5 4. e5 d4 5. exf6 dxc3 6. bxc3 Qxf6 7. Nf3 b6 8. d4 Bb7 9. Bd3 h6 10. Qe2 Nd7 11. Be4 Bxe4 12. Qxe4 Rd8 13. 0-0 Bd6 14. a4 0-0 15. a5 e5 16. axb6 axb6 17. Re1 Qe6 18. Qc6 e4 19. Qxe4 Qxc4 20. Bd2 Nf6 21. Qf5 Ra8 22. Rxa8 Rxa8 23. h3 Ra5 24. Qc8+ Kh7 1/2-1/2